Film Pixar - Statistics

Statistiche generali
  • Questo quiz è stato fatto 10.543 volte
    38 dall'ultimo reset
  • Il punteggio medio è 20 su 30
Statistiche sulle risposte
Anno Film % Corretto
1995 Toy Story
100%
1999 Toy Story 2
96%
2019 Toy Story 4
96%
2010 Toy Story 3
92%
2006 Cars
88%
2011 Cars 2
88%
2017 Cars 3
88%
2009 Up
83%
2021 Luca
79%
2008 Wall-e
79%
2017 Coco
71%
2015 Inside Out
71%
2024 Inside Out 2
67%
2007 Ratatouille
67%
2003 Alla ricerca di Nemo
63%
2004 Gli incredibili
63%
1998 A Bug's life
58%
2016 Alla ricerca di Dory
58%
2018 Gli incredibili 2
58%
2015 Monsters University
58%
2022 Red
58%
2020 Soul
58%
2023 Elemental
54%
2022 Lightyear - La vera storia di Buzz
50%
2001 Monsters & Co.
46%
2020 Onward
46%
2012 Ribelle - The Brave
46%
2025 Elio
42%
2026 Jumpers
42%
2016 Il viaggio di Arlo
25%
Nessun quiz corrispondente trovato
Distribuzione punteggi
Percentuale di utenti per punteggio
Percentile per numero di risposta
I tuoi punteggi nel tempo
Non hai fatto questo quiz dall'ultimo reset